Preliminary Report: (Record no. 64430)
[ view plain ]
| 000 -LEADER | |
|---|---|
| fixed length control field | 00969nam a2200253 a 4500 |
| 001 - CONTROL NUMBER | |
| control field | 64430 |
| 003 - CONTROL NUMBER IDENTIFIER | |
| rucl marc code | BD-RjUL |
| 005 - DATE AND TIME OF LATEST TRANSACTION | |
| control field | 20211209081316.0 |
| 008 - FIXED-LENGTH DATA ELEMENTS--GENERAL INFORMATION | |
| fixed length control field | 170214s1991 bg a o eng | |
| 020 ## - INTERNATIONAL STANDARD BOOK NUMBER | |
| Terms of availability | : Complimentary |
| 035 ## - SYSTEM CONTROL NUMBER | |
| System control number | (BD-RjUL)64560 |
| 040 ## - CATALOGING SOURCE | |
| Original cataloging agency | ANL |
| Language of cataloging | eng |
| Modifying agency | ANL |
| Transcribing agency | BD-RjUL |
| 041 ## - LANGUAGE CODE | |
| Language code of text/sound track or separate title | eng |
| 082 ## - DEWEY DECIMAL CLASSIFICATION NUMBER | |
| Edition number | 23 |
| Classification number | 304.6095492021 |
| Author mark and year | BAP 1991 (PR) |
| 110 ## - MAIN ENTRY--CORPORATE NAME | |
| Corporate name or jurisdiction name as entry element | Bangladesh Bureau of Statistics |
| 9 (RLIN) | 179266 |
| 245 10 - TITLE STATEMENT | |
| Title | Preliminary Report: |
| Remainder of title | Bangladesh population census, 1991 / |
| Statement of responsibility, etc. | Bangladesh Bureau of Statistics |
| 246 ## - VARYING FORM OF TITLE | |
| Title proper/short title | প্রাথমিক রিপোর্ট : |
| Remainder of title | আদমশুমারী, ১৯৯১ |
| 260 ## - PUBLICATION, DISTRIBUTION, ETC. (IMPRINT) | |
| Place of publication, distribution, etc. | Dhaka, : |
| Name of publisher, distributor, etc. | Bangladesh Bureau of Statistics, |
| Date of publication, distribution, etc. | 1991 |
| 300 ## - PHYSICAL DESCRIPTION | |
| Pagination | [12], 22 p. : |
| Illustrations | ill ; |
| Size | 27 cm. |
| 500 ## - GENERAL NOTE | |
| General note | "Prefactory matter in Bengali and English" |
| 651 ## - SUBJECT ADDED ENTRY--GEOGRAPHIC NAME | |
| Geographic name | Bangladesh |
| Form subdivision | census, 1991 |
| General subdivision | Preliminary Report |
| 9 (RLIN) | 191162 |
| Geographic name | Bangladesh |
| General subdivision | Population |
| Form subdivision | Statistics |
| -- | preliminary Report |
| Chronological subdivision | 1991 |
| 9 (RLIN) | 191163 |
| 942 ## - ADDED ENTRY ELEMENTS (KOHA) | |
| Source of classification or shelving scheme | Dewey Decimal Classification |
| Koha item type | Rare Books |
| Lost status | Source of classification or shelving scheme | Damaged status | Not for loan | Collection code | Permanent Location | Current Location | Shelving location | Date acquired | Source of acquisition | Total Checkouts | Full call number | Date last seen | Copy number | Koha item type |
|---|---|---|---|---|---|---|---|---|---|---|---|---|---|---|
| Dewey Decimal Classification | Not For Loan | Rare Books | Central Library, University of Rajshahi | Central Library, University of Rajshahi | Rare Book Section | 05/01/1993 | Dhaka, BBS | RA 304.6095492021 BAP 1991(PR) | 14/02/2017 | C-1 | Rare Books | |||
| Dewey Decimal Classification | Not For Loan | Rare Books | Central Library, University of Rajshahi | Central Library, University of Rajshahi | Rare Book Section | 05/01/1993 | Dhaka, BBS | RA 304.6095492021 BAP 1991(PR) | 14/02/2017 | C-2 | Rare Books |